Geographical Words in the NATO Phonetic Alphabet - Statistics

General Stats
  • This quiz has been taken 45 times
  • The average score is 8 of 8
Answer Stats
Hint Answer % Correct
The most populated country in the world India
100%
Capital of Peru Lima
100%
French-speaking province of Canada Quebec
100%
Country in western Africa {Sierra} Leone
100%
Most famous crossing point in the Berlin Wall Checkpoint {Charlie}
93%
Landform found at the mouth of a river Delta
93%
Major ethnic group of South Africa Zulu
93%
Name for people from the U.S. (especially the northeast) Yankee
91%
No matching quizzes found
Score Distribution
Percent of People with Each Score
Percentile by Number Answered
Your Score History
You have not taken this quiz